000
00296nam a2200109Ia 4500
008
220204s9999 xx 000 0 und d
082
_a
915.41
_b
AGA
245
0
_a
Tourist guide to Darjeeling, Sikkim and Bhutan
260
_a
New Delhi
_b
Nest and Wings
_c
1977
700
_a
Agarwala, A P
942
_c
BK
999
_c
25171
_d
25171